Statystyki dla Quiz piłkarski!

Kliknij tutaj aby rozwiązać quiz!

Ogólne statystyki

  • Ten quiz został rozwiązany 177 razy
  • Średni wynik to 13 z 20

Statystyki odpowiedzi

PiłkarzKlub (najwięcej występów)% Poprawnych
PepeReal Madryt
97%
David BeckhamManchester United
91%
Michael EssienChelsea
88%
Fernando TorresAtletico Madryt
83%
Xabi AlonsoReal Madryt
83%
Zlatan IbrahimovicPSG
81%
Alessandro NestaMilan
80%
Patrick VieiraArsenal
72%
RamiresChelsea
68%
Diego ForlanAtletico Madryt
66%
Michael OwenLiverpool
65%
AdrianoInter
59%
Ruud GullitMilan
58%
Alan ShearerNewcastle
58%
Daniel AggerLiverpool
50%
Wesley SneijderAjax
45%
Michael LaudrupBarcelona
45%
Jaap StamManchester United
39%
Hernan CrespoParma
17%
Jose PintoCelta Vigo
4%

Rozkład punktacji

Percentyl według liczby udzielonych odpowiedzi

Procent ludzi z każdym wynikiem

Twoja historia wyników

Nie rozwiązałeś tego quizu